[Event "Wch U10"]
[Site "Batumi"]
[Date "2022.09.20"]
[Round "5"]
[White "Tulepbergenov, Arsen"]
[Black "Chighvinadze, Luka"]
[Result "1/2-1/2"]
[WhiteElo "1299"]
[BlackElo "1022"]
[PlyCount "57"]
[EventDate "2022.09.16"]
[EventType "swiss"]
[EventRounds "11"]
[EventCountry "GEO"]
[SourceTitle "EXT 2023"]
[Source "ChessBase"]
[SourceDate "2022.10.05"]
[SourceVersion "1"]
[SourceVersionDate "2022.10.05"]
[SourceQuality "1"]

1. e4 e6 2. d4 d5 3. Nd2 dxe4 4. Nxe4 Bd7 5. Bd3 Bc6 6. Nf3 Nd7 7. 0-0 Ngf6 8. Nxf6+ Nxf6 9. c3 Be7 10. Bf4 0-0 11. Re1 Bxf3 12. Qxf3 c6 13. Qh3 g6 14. Bh6 Re8 15. Re2 Bf8 16. Bxf8 Rxf8 17. Qh6 Ng4 18. Qf4 Nf6 19. Be4 Nxe4 20. Rxe4 Kg7 21. Rae1 Qb6 22. Qd2 Rad8 23. Rh4 Rh8 24. Qh6+ Kg8 25. b3 Qa5 26. Qd2 h5 27. Rhe4 Qc7 28. Qg5 Kg7 29. f4 1/2-1/2